000 00736cab a2200205 4500
001 X91145
008 090401t1998 xxu||||| |||| 00| 0 eng d
035 _a(Sirsi) u85611
041 _aeng
245 _aVarsani v Jesani
260 _c1998
350 _a0
490 _aNew Property Cases
_v(1998) NPC 63, (3)
520 _aCA 3 April 1998. The court stresses that the Charities Act 1960 s13 established a new statutory code for handling the previous law on failure of purposes and that it is no longer always necessary to proceed according to the earlier law. HEADNOTE.
650 _aCHARITIES ACT 1960 S13
650 _aVARSANI V JESANI
690 _aPROPERTY LAW AND PRACTICE-CASE LAW
942 _n0
948 _c16/04/1998
999 _c53836
_d53836